|
|
|
|
| LEADER |
00000nab a2200000 i 4500 |
| 001 |
publ702 |
| 005 |
20221009210955.0 |
| 008 |
150923s2015 hu o 000 zxx d |
| 022 |
|
|
|a 1899-5101
|
| 040 |
|
|
|a BGE Publikációtár Repozitórium
|b hun
|
| 100 |
1 |
|
|a Bajomi-Lázár Péter
|
| 245 |
1 |
0 |
|a Variations in media freedom
|b Why do some governments in Central and Eastern Europe respect media freedom more than others
|c Bajomi-Lázár Péter
|h [elektronikus dokumentum]
|
| 260 |
|
|
|c 2015
|
| 300 |
|
|
|a 4-20
|
| 490 |
0 |
|
|a CENTRAL EUROPEAN JOURNAL OF COMMUNICATION
|v 8 No. 1
|
| 650 |
|
4 |
|a média- és kommunikációs tudományok
|
| 695 |
|
|
|a Média
|
| 695 |
|
|
|a Médiaszabadság
|
| 856 |
4 |
0 |
|u https://publikaciotar.uni-bge.hu/id/eprint/702/1/Central%20European%20Journal%20of%20Communication.pdf
|z Dokumentum-elérés
|